Statistics for Oldest World Flags

Click here to take the quiz!

General Stats

  • This quiz has been taken 81 times
  • The average score is 5 of 10

Answer Stats

AnswerYear Current Flag was Adopted% Correct
Denmark1370
91%
UK1801
81%
France1830
74%
Netherlands1572
64%
Belgium1831
47%
Argentina1818
35%
Chile1817
35%
Uruguay1828
35%
Peru1825
31%
Nepal1743
10%

Score Distribution

Percentile by Number Answered

Percent of People with Each Score

Your Score History

You have not taken this quiz